| 000 | 01251nam a22003017i 4500 | ||
|---|---|---|---|
| 003 | EG-ScBUE | ||
| 005 | 20240501112322.0 | ||
| 008 | 220731s2019 ua f b 000 0aara d | ||
| 017 | _a2019 / 25226 | ||
| 020 | _a9789779125947 | ||
| 040 |
_aEG-ScBUE _bara _erda _cEG-ScBUE _dEG-ScBUE |
||
| 043 | _af-ua--- | ||
| 082 | 0 | 4 |
_222 _a347.62014092 _bق ا ض |
| 100 | 1 |
_aقاضي، خالد محمد، _d1967- _eمؤلف. |
|
| 245 | 1 | 0 |
_aرحلة 30 سنة قانون من سيرة قاض مصري : _bرحلة علم ورحلة عقل / _cتأليف القاضي الدكتور خالد محمد القاضي، رئيس محكمة الاستئناف. |
| 250 | _aالطبعة الأولى. | ||
| 264 | 1 |
_aالقاهرة : _bالهيئة المصرية العامة للكتاب، _c2019. |
|
| 300 |
_a319 صفحة ؛ _c24 سم |
||
| 336 |
_2rdacontent _aنص _btxt |
||
| 337 |
_2rdamedia _aبدون وسيط _bn |
||
| 338 |
_2rdacarrier _aمجلد _bnc |
||
| 504 | _aيشتمل على إرجاعات ببليوجرافية. | ||
| 541 |
_cDonation ; _aProf. Hassan Abdel Hamid. |
||
| 600 | 1 | 7 |
_aقاضي، خالد محمد، _d1967- _2BUEsh |
| 650 | 7 |
_aالقضاة المصريون _vتراجم. _2BUEsh |
|
| 655 | _vReading book | ||
| 942 | _2ddc | ||
| 999 |
_c30730 _d30701 |
||